| 000 | 02094nam0a2200349 4500 | ||
|---|---|---|---|
| 001 | RU\NLR\bibl\1190819 | ||
| 005 | 20260408080405.0 | ||
| 010 |
_a978-5-88006-492-2 _91000 |
||
| 021 |
_aRU _b2007-92452 _94998 |
||
| 035 | _a(NLR Aleph) 001177373 | ||
| 090 |
_a1635539 _c1635539 |
||
| 100 | _a20080220d2007 |||y0rusy50 ca | ||
| 101 | 0 | _arus | |
| 102 | _aRU | ||
| 105 | _aa ||||||||| | ||
| 200 | 1 |
_aЛингвистический анализ в вузе _eучебно-методическое пособие _eучебное пособие для студентов высших учебных заведений, обучающихся по специальности 031200 (050708) - Педагогика и методика начального образования _fФедер. агентство по образованию, Гос. образоват. учреждение высш. проф. образования "Ряз. гос. ун-т им. С.А. Есенина" _g[авт.-сост.: Т.И. Мишина и др. _gнауч. ред.: Л.А. Сергиевская, д.филол.н., проф.] |
|
| 210 |
_aРязань _cРязанский государственный университет _d2007 |
||
| 215 |
_a154, [1] с. _cил. _d20 |
||
| 320 | _aБиблиогр.: с. 154 и в подстроч. прим. | ||
| 606 | 1 |
_aРусский язык _jУчебные издания для высших учебных заведений _xЛингвистический анализ _92408189 _3RU\NLR\auth\661435049 |
|
| 686 | _aШ141.12-923.295.1 | ||
| 686 | _aШ141.12-923.1 | ||
| 702 | 1 |
_aМишина _bТ. И. _gТамара Ильинична _4220 |
|
| 702 | 1 |
_aСергиевская _bЛ. А. _4340 |
|
| 712 | 0 | 2 |
_4570 _aРязанский государственный университет им. С. А. Есенина _3RU\NLR\AUTH\8810093080 _9687405 |
| 801 | 0 |
_aRU _bNLR _c20080220 _gRCR |
|
| 801 | 1 |
_aRU _bNLR _c20080220 |
|
| 830 | _aсост. по ГАК ред. не раскрыть | ||
| 942 | _cBOOK | ||
| 980 | _aNB | ||
| 980 | _aNBR | ||